[Event "Excelsior Christmas and New Years op"]
[Site "Toronto CAN"]
[Date "2023.12.29"]
[Round "3.7"]
[White "Maulucci, Anthony"]
[Black "Wang, Andy"]
[Result "1-0"]
[WhiteElo "2072"]
[BlackElo "1926"]
[PlyCount "77"]
[EventDate "2023.12.26"]
[EventType "swiss"]
[EventRounds "5"]
[EventCountry "CAN"]

1. d4 d5 2. c4 dxc4 3. e3 e6 4. Bxc4 Nf6 5. Nf3 c5 6. O-O a6 7. a4 Nc6 8. Qe2
cxd4 9. Rd1 Be7 10. exd4 O-O 11. Nc3 Nb4 12. Ne5 b6 13. Qf3 Rb8 14. d5 Bb7 15.
Nxf7 Qc7 16. Qf4 Qxf4 17. Bxf4 exd5 18. Nxd5 Nbxd5 19. Bxb8 Rxb8 20. Ne5 Rd8
21. Rd3 Kf8 22. Rad1 Bc5 23. g4 h6 24. Ng6+ Ke8 25. Nf4 Nxf4 26. Rxd8+ Ke7 27.
Rb8 Bf3 28. Re1+ Kd7 29. Bxa6 Nxg4 30. Bc8+ Kc7 31. Bxg4 Bxg4 32. Rg8 Ne6 33.
b4 Bd6 34. Rc1+ Kb7 35. a5 bxa5 36. bxa5 Bf5 37. a6+ Ka7 38. Rc6 Bc5 39. Re8
1-0

[Event "Excelsior Christmas and New Years op"]
[Site "Toronto CAN"]
[Date "2023.12.29"]
[Round "3.8"]
[White "Oancea, Nicolae"]
[Black "Gao, Heye"]
[Result "0-1"]
[WhiteElo "2038"]
[BlackElo "1886"]
[PlyCount "130"]
[EventDate "2023.12.26"]
[EventType "swiss"]
[EventRounds "5"]
[EventCountry "CAN"]

1. Nf3 Nf6 2. g3 d5 3. b3 Bf5 4. Bb2 e6 5. Bg2 Bd6 6. O-O O-O 7. d3 c5 8. Nbd2
Nc6 9. Re1 e5 10. e4 dxe4 11. dxe4 Be6 12. Ng5 Qe7 13. Nxe6 Qxe6 14. Nc4 Rad8
15. c3 h6 16. Qe2 Bc7 17. Ne3 Ne7 18. c4 Ba5 19. Red1 Nc6 20. Nd5 Nd4 21. Qd3
Nxd5 22. cxd5 Qd6 23. Rac1 Bb6 24. Bh3 Qg6 25. Bxd4 cxd4 26. b4 Qh5 27. Kg2 Rd6
28. f4 Re8 29. Rc8 Rxc8 30. Bxc8 exf4 31. Bxb7 Rf6 32. Rf1 fxg3 33. hxg3 Rxf1
34. Qxf1 Qe5 35. Qf4 Qe7 36. Qb8+ Kh7 37. e5 d3 38. Ba6 d2 39. Bd3+ g6 40. Bc2
Qxb4 41. Qe8 Kg7 42. e6 Qf8 43. exf7 Qxf7 44. Qxf7+ Kxf7 45. Kf1 g5 46. g4 Kf6
47. Ke2 Ba5 48. Bf5 h5 49. Be4 Ke5 50. Bf3 hxg4 51. Bxg4 Kxd5 52. Kd3 Bb4 53.
Bd1 Ke5 54. Ke3 Kf5 55. Kf3 g4+ 56. Kg3 Bd6+ 57. Kf2 Kf4 58. Kg2 g3 59. Kf1 Ke3
60. Kg2 Kd3 61. Kf3 Kc3 62. Ke3 Bc5+ 63. Kf3 Bf2 64. a4 a5 65. Ke2 Be1 0-1

[Event "Excelsior Christmas and New Years op"]
[Site "Toronto CAN"]
[Date "2023.12.30"]
[Round "4.1"]
[White "Marchand, Calix"]
[Black "Singh, Mahip"]
[Result "1/2-1/2"]
[WhiteElo "2174"]
[BlackElo "2249"]
[PlyCount "22"]
[EventDate "2023.12.26"]
[EventType "swiss"]
[EventRounds "5"]
[EventCountry "CAN"]

1. e4 e5 2. Nc3 Nf6 3. g3 Bc5 4. Bg2 O-O 5. Nge2 c6 6. O-O d5 7. exd5 cxd5 8.
d4 exd4 9. Na4 Be7 10. Nxd4 Bg4 11. Qd3 Qd7 1/2-1/2

[Event "Excelsior Christmas and New Years op"]
[Site "Toronto CAN"]
[Date "2023.12.30"]
[Round "4.2"]
[White "Ning, Eric"]
[Black "Huh, Isaak"]
[Result "1-0"]
[WhiteElo "2198"]
[BlackElo "2224"]
[PlyCount "95"]
[EventDate "2023.12.26"]
[EventType "swiss"]
[EventRounds "5"]
[EventCountry "CAN"]

1. d4 Nf6 2. c4 e6 3. Nc3 Bb4 4. Qc2 d5 5. cxd5 exd5 6. Bg5 h6 7. Bh4 O-O 8. e3
Re8 9. Nf3 Nbd7 10. Bd3 g5 11. Bg3 Ne4 12. Nd2 c5 13. Bxe4 dxe4 14. Nd5 Ba5 15.
b4 Nf8 16. Nxe4 Bxb4+ 17. Kf1 Re6 18. Nc7 cxd4 19. Nxa8 d3 20. Qc4 Qe7 21. f3
b5 22. Qd4 Bb7 23. Nc7 Rxe4 24. fxe4 Bxe4 25. Rd1 d2 26. Rxd2 Bxd2 27. Qxd2
Qf6+ 28. Qf2 Qa1+ 29. Qe1 Qf6+ 30. Kg1 Qb2 31. Bf2 Ng6 32. Qf1 Ne5 33. h4 Ng4
34. Na6 Bd3 35. Qe1 b4 36. Nxb4 Nxf2 37. Qxf2 Qxb4 38. hxg5 hxg5 39. Rh5 Qb1+
40. Kh2 Bg6 41. Rxg5 Qb8+ 42. Qf4 Qb2 43. a4 Qh8+ 44. Kg3 Qh1 45. Qd4 Qe1+ 46.
Kh2 Qe2 47. Rg3 Qc2 48. Qxa7 1-0

[Event "Excelsior Christmas and New Years op"]
[Site "Toronto CAN"]
[Date "2023.12.30"]
[Round "4.3"]
[White "Zomorrodian, Eilia"]
[Black "Gao, Heye"]
[Result "1-0"]
[WhiteElo "2244"]
[BlackElo "1886"]
[PlyCount "105"]
[EventDate "2023.12.26"]
[EventType "swiss"]
[EventRounds "5"]
[EventCountry "CAN"]

1. e4 e5 2. Nf3 Nc6 3. Bc4 Bc5 4. d3 Nf6 5. c3 h6 6. Nbd2 O-O 7. Bb3 d5 8. Qe2
Re8 9. h3 Be6 10. O-O Qd6 11. Bc2 dxe4 12. dxe4 Rad8 13. Re1 Ne7 14. Nc4 Bxc4
15. Qxc4 Ng6 16. g3 a5 17. a3 Qc6 18. Qe2 Qe6 19. Kg2 Rd6 20. b4 Bb6 21. c4 Bd4
22. Nxd4 Rxd4 23. Be3 Rd6 24. bxa5 Ra8 25. Reb1 Qc8 26. c5 Rda6 27. Bd2 Rc6 28.
Bb4 Nd7 29. Ba4 Rf6 30. Qg4 c6 31. Rd1 Ndf8 32. Qxc8 Rxc8 33. Rab1 Rc7 34. Rd8
Kh7 35. Ra8 Ne6 36. a6 bxa6 37. Rxa6 Ng5 38. Re1 Nf8 39. h4 Nf3 40. Rd1 Nd4 41.
f4 Nfe6 42. f5 Nf8 43. g4 g5 44. Rxd4 exd4 45. e5 Nd7 46. exf6 Nb8 47. Rb6 Rc8
48. Rb7 Kg8 49. Bb3 Rf8 50. Bxf7+ Rxf7 51. Rxb8+ Kh7 52. hxg5 hxg5 53. Rd8 1-0

[Event "Excelsior Christmas and New Years op"]
[Site "Toronto CAN"]
[Date "2023.12.30"]
[Round "4.4"]
[White "Lakhani, Riyaan"]
[Black "Malakar, Saarthak"]
[Result "1/2-1/2"]
[WhiteElo "1918"]
[BlackElo "2130"]
[PlyCount "77"]
[EventDate "2023.12.26"]
[EventType "swiss"]
[EventRounds "5"]
[EventCountry "CAN"]

1. d4 d5 2. c4 c6 3. Nf3 Nf6 4. e3 Bf5 5. Nc3 e6 6. Nh4 Bg4 7. Qb3 Qc7 8. h3
Bh5 9. g4 Bg6 10. g5 dxc4 11. Qxc4 Nd5 12. Nxg6 hxg6 13. Bg2 Nxc3 14. bxc3 Be7
15. f4 Nd7 16. a4 a5 17. Qb3 Ra6 18. c4 Rb6 19. Qc2 c5 20. d5 e5 21. O-O O-O
22. Bd2 Rb4 23. Bxb4 cxb4 24. Qe4 Bd6 25. fxe5 Bxe5 26. d6 Bxd6 27. Qxb7 Qc5
28. Qxd7 Qxe3+ 29. Rf2 Qd4 30. Bd5 Qxa1+ 31. Kg2 Qe5 32. Rxf7 Qg3+ 33. Kf1 Qd3+
34. Kg2 Qg3+ 35. Kf1 Qd3+ 36. Kf2 Bg3+ 37. Kg2 Bd6 38. Kf2 Qd2+ 39. Kf1 1/2-1/2

[Event "Excelsior Christmas and New Years op"]
[Site "Toronto CAN"]
[Date "2023.12.30"]
[Round "4.5"]
[White "Deepak, Laksshana"]
[Black "Maulucci, Anthony"]
[Result "0-1"]
[WhiteElo "1899"]
[BlackElo "2072"]
[PlyCount "76"]
[EventDate "2023.12.26"]
[EventType "swiss"]
[EventRounds "5"]
[EventCountry "CAN"]

1. d4 d5 2. Nf3 Nf6 3. Bf4 c5 4. e3 Nc6 5. Nbd2 cxd4 6. exd4 Qb6 7. Nb3 Bf5 8.
c3 a5 9. a4 e6 10. Bb5 Be7 11. h3 O-O 12. O-O h6 13. Re1 Rfd8 14. Ne5 Ne4 15.
c4 Nxe5 16. c5 Qa7 17. Bxe5 b6 18. f3 bxc5 19. fxe4 dxe4 20. Bc6 Rac8 21. Bxe4
c4 22. Bxf5 exf5 23. Nd2 f6 24. Bf4 Qxd4+ 25. Be3 Qxb2 26. Rb1 Qa3 27. Qc2 c3
28. Nf3 Bc5 29. Rb5 Bxe3+ 30. Rxe3 Qd6 31. Rb1 Qc5 32. Qf2 c2 33. Rc1 Qb4 34.
Ne1 Rd1 35. Qxf5 Qc5 36. Qxc5 Rxc5 37. Rxc2 Rxc2 38. Kh2 Rc4 0-1

[Event "Excelsior Christmas and New Years op"]
[Site "Toronto CAN"]
[Date "2023.12.30"]
[Round "4.6"]
[White "Kim, Noah"]
[Black "Wang, Bingfei"]
[Result "1-0"]
[WhiteElo "2135"]
[BlackElo "1864"]
[PlyCount "58"]
[EventDate "2023.12.26"]
[EventType "swiss"]
[EventRounds "5"]
[EventCountry "CAN"]

1. d4 d5 2. Nc3 Nf6 3. Bf4 Bf5 4. f3 e6 5. g4 Bg6 6. h4 h6 7. e3 a6 8. Bd3 Bxd3
9. cxd3 c5 10. dxc5 Bxc5 11. d4 Bd6 12. Nge2 Nc6 13. Kf2 Qe7 14. Rc1 O-O-O 15.
Bxd6 Qxd6 16. a3 Kb8 17. b4 Na7 18. Nf4 e5 19. dxe5 Qxe5 20. Qd4 Qxd4 21. exd4
Nc6 22. Rcd1 g5 23. Nfe2 Rde8 24. Ng3 Kc7 25. Rd3 b5 26. h5 Re6 27. Rc1 Kd7 28.
Nce2 Ne7 29. Rdc3 Rc8 1-0

[Event "Excelsior Christmas and New Years op"]
[Site "Toronto CAN"]
[Date "2023.12.30"]
[Round "4.7"]
[White "Ruchinskaya, Valerie"]
[Black "Raninga, Aditya"]
[Result "0-1"]
[WhiteElo "2168"]
[BlackElo "2174"]
[PlyCount "64"]
[EventDate "2023.12.26"]
[EventType "swiss"]
[EventRounds "5"]
[EventCountry "CAN"]

1. d4 Nf6 2. c4 c5 3. d5 b5 4. cxb5 a6 5. bxa6 g6 6. Nc3 Bg7 7. e4 Qa5 8. Bd2
O-O 9. Nf3 Bxa6 10. Bxa6 Qxa6 11. Qe2 Qxe2+ 12. Kxe2 d6 13. Rhd1 Nfd7 14. Ne1
Na6 15. a4 Rfb8 16. Rdb1 c4 17. Nc2 Nac5 18. Ne3 Nb3 19. Ra3 Rc8 20. Nb5 Nxd2
21. Kxd2 Nc5 22. f3 Rxa4 23. Nd1 Rb8 24. Ndc3 Rb4 25. Kc2 Bf6 26. Na7 Nd3 27.
Ra2 Bxc3 28. Kxc3 Rb3+ 29. Kd2 Nb4 30. Ra3 c3+ 31. Kc1 cxb2+ 32. Rxb2 Rxa3 0-1

[Event "Excelsior Christmas and New Years op"]
[Site "Toronto CAN"]
[Date "2023.12.30"]
[Round "4.8"]
[White "Xie, Irene"]
[Black "Oancea, Nicolae"]
[Result "1-0"]
[WhiteElo "1903"]
[BlackElo "2038"]
[PlyCount "157"]
[EventDate "2023.12.26"]
[EventType "swiss"]
[EventRounds "5"]
[EventCountry "CAN"]

1. e4 e5 2. Nf3 Nc6 3. Bc4 Nf6 4. d3 Be7 5. Nc3 d6 6. h3 Na5 7. Bb3 Nxb3 8.
axb3 Bd7 9. d4 exd4 10. Qxd4 Bc6 11. Be3 O-O 12. Qd3 Re8 13. Nd4 Bd7 14. O-O a6
15. Rad1 Bf8 16. Bg5 b5 17. Nd5 Be7 18. Nxe7+ Qxe7 19. f3 Qe5 20. Bxf6 Qxf6 21.
c3 Re5 22. f4 Rc5 23. g4 Re8 24. b4 Rc4 25. b3 Rxd4 26. cxd4 h5 27. g5 Qe6 28.
Rfe1 Qg6 29. h4 f5 30. e5 Bc6 31. d5 Bb7 32. e6 c6 33. dxc6 Bxc6 34. Qxd6 Be4
35. e7 Qf7 36. Qd8 Kh7 37. Re3 Rxe7 38. Rd6 Re6 39. Rd7 Qg6 40. Rc3 Bc6 41. Re7
Rd6 42. Qc7 Be4 43. Qb8 Rb6 44. Qf8 Rb7 45. Rc8 Qb6+ 46. Rc5 Rxe7 47. Qxe7 a5
48. Qf7 axb4 49. Qxh5+ Kg8 50. Qe8+ Kh7 51. Qh5+ Kg8 52. Qe8+ Kh7 53. g6+ Kh6
54. Qe7 Kxg6 55. Kh2 Kh7 56. h5 Qa5 57. Qg5 Qa2+ 58. Kh3 Qxb3+ 59. Kh4 Qf7 60.
Rxb5 Qa7 61. Rxb4 Qf2+ 62. Qg3 Qxg3+ 63. Kxg3 g6 64. hxg6+ Kxg6 65. Kh4 Bd3 66.
Rb6+ Kf7 67. Kg5 Ke7 68. Rf6 Be4 69. Kg6 Bd3 70. Rb6 Be4 71. Rb5 Bd3 72. Ra5
Be4 73. Kg7 Bd3 74. Re5+ Kd6 75. Kf6 Bc2 76. Rxf5 Bxf5 77. Kxf5 Ke7 78. Kg6 Ke8
79. Kg7 1-0

[Event "Excelsior Christmas and New Years op"]
[Site "Toronto CAN"]
[Date "2023.12.30"]
[Round "5.1"]
[White "Singh, Mahip"]
[Black "Ning, Eric"]
[Result "1-0"]
[WhiteElo "2249"]
[BlackElo "2198"]
[PlyCount "37"]
[EventDate "2023.12.26"]
[EventType "swiss"]
[EventRounds "5"]
[EventCountry "CAN"]

1. e4 c5 2. Nf3 Nc6 3. Bb5 g6 4. O-O Bg7 5. c3 e5 6. d4 exd4 7. cxd4 Nxd4 8.
Nxd4 cxd4 9. Bf4 Ne7 10. Nd2 O-O 11. Bd6 Re8 12. Qb3 Nc6 13. f4 Na5 14. Qd5 a6
15. Bd3 Nc6 16. a4 b6 17. f5 Qg5 18. Bc4 Re6 19. Bf4 1-0

[Event "Excelsior Christmas and New Years op"]
[Site "Toronto CAN"]
[Date "2023.12.30"]
[Round "5.2"]
[White "Zomorrodian, Eilia"]
[Black "Marchand, Calix"]
[Result "0-1"]
[WhiteElo "2244"]
[BlackElo "2174"]
[PlyCount "154"]
[EventDate "2023.12.26"]
[EventType "swiss"]
[EventRounds "5"]
[EventCountry "CAN"]

1. e4 c5 2. Nf3 e6 3. c3 d5 4. exd5 Qxd5 5. d4 Nf6 6. Be3 cxd4 7. cxd4 Bb4+ 8.
Nc3 Qa5 9. Bd3 Bxc3+ 10. bxc3 Qxc3+ 11. Kf1 O-O 12. Rc1 Qa3 13. Ne5 Nbd7 14.
Nc4 Qe7 15. Bf4 Ne8 16. Qf3 Ndf6 17. h4 Nd5 18. Bg5 Nef6 19. Rh3 Bd7 20. Ne5
Rac8 21. Re1 Ba4 22. Rg3 Kh8 23. Qe2 Rc7 24. h5 Qb4 25. h6 g6 26. Nf3 Qd6 27.
Nd2 Nh5 28. Rf3 Nc3 29. Qe3 Bd1 30. Rh3 Nd5 31. Qe4 f5 32. Qh4 Bg4 33. Nc4 Rxc4
34. Bxc4 Bxh3 35. Qxh3 Qc6 36. Qb3 Nhf4 37. f3 Rc8 38. Bxd5 Nxd5 39. Kg1 Kg8
40. Qd1 Qb6 41. Kh1 Rc6 42. Qe2 Qc7 43. Qf2 Kf7 44. Re5 Rc2 45. Qe1 Rc6 46. Kh2
a6 47. Bh4 Qd7 48. Qd2 Rd6 49. Qg5 Qe7 50. Qg3 Qc7 51. Kh3 Qc1 52. Rxf5+ exf5
53. Qxd6 Qh1+ 54. Qh2 Nf4+ 55. Kg3 Ne2+ 56. Kh3 Qxh2+ 57. Kxh2 Ke6 58. Bf2 Kd5
59. Kh3 Nxd4 60. Kh4 Ne6 61. g4 f4 62. g5 b5 63. Kg4 b4 64. Be1 a5 65. Bd2 Kc4
66. Bxf4 Nxf4 67. Kxf4 Kd4 68. Kg4 a4 69. f4 b3 70. axb3 axb3 71. f5 gxf5+ 72.
Kxf5 b2 73. Kf6 b1=Q 74. Kg7 Qg6+ 75. Kh8 Qf7 76. g6 hxg6 77. h7 Qf8# 0-1

[Event "Excelsior Christmas and New Years op"]
[Site "Toronto CAN"]
[Date "2023.12.30"]
[Round "5.3"]
[White "Maulucci, Anthony"]
[Black "Kim, Noah"]
[Result "0-1"]
[WhiteElo "2072"]
[BlackElo "2135"]
[PlyCount "86"]
[EventDate "2023.12.26"]
[EventType "swiss"]
[EventRounds "5"]
[EventCountry "CAN"]

1. d4 Nf6 2. c4 g6 3. Nc3 Bg7 4. e4 d6 5. Nge2 O-O 6. f3 c5 7. d5 e6 8. Ng3
exd5 9. cxd5 a6 10. a4 h5 11. Bg5 Qb6 12. Qd2 Nbd7 13. Be2 Nh7 14. a5 Qc7 15.
Bh4 b5 16. axb6 Qxb6 17. Nf1 Rb8 18. Ra2 Re8 19. Ne3 Ne5 20. f4 Ng4 21. Nc4 Qc7
22. h3 Nh6 23. e5 dxe5 24. d6 Qd7 25. fxe5 Nf5 26. Bf2 Bxe5 27. Bxc5 Ng3 28.
Nxe5 Rxe5 29. Bd4 Re8 30. Qh6 Nf5 31. Qf4 Rb4 32. O-O Rxd4 33. Qf2 Qxd6 34. g4
hxg4 35. hxg4 Qg3+ 36. Qxg3 Nxg3 37. Rf2 Nxe2+ 38. Nxe2 Rxg4+ 39. Kf1 Rb4 40.
Nf4 Rb5 41. Ra3 Ng5 42. Rd3 Rf5 43. Rd6 Ne4 0-1

[Event "Excelsior Christmas and New Years op"]
[Site "Toronto CAN"]
[Date "2023.12.30"]
[Round "5.4"]
[White "Huh, Isaak"]
[Black "Lakhani, Riyaan"]
[Result "1-0"]
[WhiteElo "2224"]
[BlackElo "1918"]
[PlyCount "79"]
[EventDate "2023.12.26"]
[EventType "swiss"]
[EventRounds "5"]
[EventCountry "CAN"]

1. e4 g6 2. d4 Bg7 3. Nc3 c6 4. g3 d5 5. exd5 cxd5 6. Bg2 e6 7. Nf3 Nc6 8. O-O
Nge7 9. Ne2 O-O 10. c3 b5 11. a3 a5 12. h4 Bb7 13. h5 b4 14. Nf4 bxc3 15. bxc3
a4 16. Ng5 Qd7 17. Bh3 Nf5 18. hxg6 hxg6 19. Nd3 Na5 20. Nc5 Qb5 21. Qf3 Nb3
22. Rb1 Ba6 23. Bf4 Qc6 24. Nxa6 Rxa6 25. Bxf5 exf5 26. Qh1 Re8 27. Qh7+ Kf8
28. Be5 Rxe5 29. dxe5 Qe8 30. Rfe1 Qe7 31. Qh4 Kg8 32. e6 f6 33. Nf3 Rxe6 34.
Qxa4 Nc5 35. Qa8+ Kh7 36. Qxd5 Ne4 37. Rb7 Qe8 38. Kg2 Re7 39. Rh1+ Bh6 40. Qe6
1-0

[Event "Excelsior Christmas and New Years op"]
[Site "Toronto CAN"]
[Date "2023.12.30"]
[Round "5.5"]
[White "Malakar, Saarthak"]
[Black "Xie, Irene"]
[Result "1-0"]
[WhiteElo "2130"]
[BlackElo "1903"]
[PlyCount "75"]
[EventDate "2023.12.26"]
[EventType "swiss"]
[EventRounds "5"]
[EventCountry "CAN"]

1. d4 e6 2. Nf3 d5 3. g3 Nf6 4. Bg2 Be7 5. O-O O-O 6. c4 b6 7. Qc2 Bb7 8. cxd5
exd5 9. Bf4 c6 10. Rd1 Nbd7 11. Nc3 Re8 12. Rac1 Bb4 13. e3 Nh5 14. a3 Bxc3 15.
Qxc3 Nxf4 16. exf4 Qe7 17. Re1 Qd6 18. Ne5 f6 19. Nd3 Rad8 20. f5 Nf8 21. Nf4
g6 22. fxg6 hxg6 23. h4 Kg7 24. Qc2 Rxe1+ 25. Rxe1 Bc8 26. b4 Bf5 27. Qe2 Kf7
28. b5 Ne6 29. Nxe6 Bxe6 30. bxc6 Qxc6 31. Qe3 Qe8 32. Qf4 Rd7 33. Qh6 Qg8 34.
Qe3 Qe8 35. h5 g5 36. h6 Rd8 37. h7 Rd6 38. Bh3 1-0

[Event "Excelsior Christmas and New Years op"]
[Site "Toronto CAN"]
[Date "2023.12.30"]
[Round "5.6"]
[White "Gao, Heye"]
[Black "Deepak, Laksshana"]
[Result "0-1"]
[WhiteElo "1886"]
[BlackElo "1899"]
[PlyCount "50"]
[EventDate "2023.12.26"]
[EventType "swiss"]
[EventRounds "5"]
[EventCountry "CAN"]

1. e4 c6 2. d4 d5 3. exd5 cxd5 4. Bd3 Nf6 5. c3 g6 6. Bf4 Bg7 7. Nf3 Nc6 8.
Nbd2 O-O 9. O-O Bf5 10. Qc2 Bxd3 11. Qxd3 a5 12. Qb5 Qc8 13. Rfe1 a4 14. b3 Qf5
15. Bg3 axb3 16. axb3 Rxa1 17. Rxa1 Qc2 18. c4 Nxd4 19. Nxd4 Qxd2 20. Be5 Ng4
21. Bxg7 Qxf2+ 22. Kh1 Kxg7 23. Qxd5 Ra8 24. Rg1 Qxg1+ 25. Kxg1 Ra1# 0-1

[Event "Excelsior Christmas and New Years op"]
[Site "Toronto CAN"]
[Date "2023.12.30"]
[Round "5.7"]
[White "Wang, Bingfei"]
[Black "Pelev, Iassen"]
[Result "1-0"]
[WhiteElo "1864"]
[BlackElo "1946"]
[PlyCount "90"]
[EventDate "2023.12.26"]
[EventType "swiss"]
[EventRounds "5"]
[EventCountry "CAN"]

1. d4 Nf6 2. Nf3 g6 3. g3 Bg7 4. Bg2 O-O 5. O-O d6 6. Re1 c5 7. c3 Nbd7 8. e4
e5 9. dxe5 dxe5 10. Qc2 Qc7 11. c4 a6 12. Nc3 Rb8 13. a4 b6 14. b3 Rd8 15. Bb2
Bb7 16. Rad1 Nf8 17. Nd5 Nxd5 18. exd5 f6 19. h4 Bc8 20. Nd2 Bg4 21. f3 Bd7 22.
Ne4 Be8 23. g4 Nd7 24. Re2 Bf7 25. Rf1 Re8 26. Ref2 Bh6 27. g5 Bg7 28. gxf6
Nxf6 29. Nxf6+ Bxf6 30. f4 Re7 31. Re2 Qd6 32. Rfe1 Rbe8 33. fxe5 Bxe5 34. Rxe5
Rxe5 35. Rxe5 Qxe5 36. Bxe5 Rxe5 37. Qf2 Rf5 38. Qg3 Kg7 39. Qc7 Rf6 40. Qe5 h5
41. d6 Be6 42. Bd5 Bxd5 43. cxd5 c4 44. d7 cxb3 45. d8=Q b2 1-0

[Event "Excelsior Christmas and New Years op"]
[Site "Toronto CAN"]
[Date "2023.12.30"]
[Round "5.8"]
[White "Heran-Boily, Samuel"]
[Black "Ruchinskaya, Valerie"]
[Result "1/2-1/2"]
[WhiteElo "1918"]
[BlackElo "2168"]
[PlyCount "62"]
[EventDate "2023.12.26"]
[EventType "swiss"]
[EventRounds "5"]
[EventCountry "CAN"]

1. e4 e6 2. d4 d5 3. Nc3 Bb4 4. e5 c5 5. a3 Bxc3+ 6. bxc3 Qa5 7. Bd2 Qa4 8. h4
Ne7 9. h5 h6 10. Qg4 Kf8 11. Rh3 c4 12. Qd1 Nbc6 13. Nf3 Bd7 14. g4 Ke8 15. Nh4
Kd8 16. f4 Kc7 17. Rf3 Rae8 18. Bh3 b6 19. Be3 f6 20. Kd2 fxe5 21. fxe5 Ref8
22. Qf1 Rxf3 23. Qxf3 Be8 24. Ng2 Nd8 25. Nf4 Kb8 26. Qg3 Rf8 27. g5 Nf5 28.
Bxf5 Rxf5 29. g6 Qd7 30. Qh3 Nc6 31. Rf1 Ne7 1/2-1/2

[Event "Excelsior February Rapid"]
[Site "Toronto CAN"]
[Date "2023.02.11"]
[Round "1.2"]
[White "Sambuev, Bator"]
[Black "El Habboub, Hicham"]
[Result "1-0"]
[WhiteElo "2644"]
[BlackElo "1624"]
[PlyCount "105"]
[EventDate "2023.02.11"]
[EventType "swiss (rapid)"]
[EventRounds "5"]
[EventCountry "CAN"]

1. d4 Nf6 2. c4 g6 3. Nc3 Bg7 4. e4 d6 5. Nf3 O-O 6. Be2 Nbd7 7. O-O c5 8. d5
a6 9. a4 Ne8 10. Bg5 Ne5 11. Ne1 h6 12. Bh4 g5 13. Bg3 Ng6 14. Nd3 f5 15. exf5
Bxf5 16. Bg4 Bxg4 17. Qxg4 Nf6 18. Qe6+ Kh8 19. f4 Qd7 20. f5 Qxe6 21. dxe6 Nh4
22. Bxh4 gxh4 23. Nf4 Kh7 24. h3 Rae8 25. Ng6 Rg8 26. Nxh4 Nh5 27. g4 Bd4+ 28.
Kg2 Bf6 29. Ng6 Ng7 30. Rae1 h5 31. Nd5 h4 32. Nxf6+ exf6 33. Nxh4 b5 34. axb5
axb5 35. cxb5 Rb8 36. Re2 Rxb5 37. Rd1 Ne8 38. Ng6 c4 39. Rd4 d5 40. Ne7 Rg7
41. Nxd5 Rgb7 42. Kf3 Rb3+ 43. Ne3 Rxb2 44. Rxb2 Rxb2 45. Rxc4 Kg7 46. Rc8 Kf8
47. Nd5 Rb3+ 48. Kf4 Rd3 49. Nxf6 Rd4+ 50. Kg5 Kg7 51. Rxe8 Rd8 52. Re7+ Kh8
53. Rh7# 1-0

[Event "Excelsior February Rapid"]
[Site "Toronto CAN"]
[Date "2023.02.11"]
[Round "1.4"]
[White "Reprintsev, Alexander"]
[Black "Zhang, Daniel"]
[Result "1-0"]
[WhiteElo "2401"]
[BlackElo "1696"]
[PlyCount "89"]
[EventDate "2023.02.11"]
[EventType "swiss (rapid)"]
[EventRounds "5"]
[EventCountry "CAN"]

1. e4 c5 2. b3 d6 3. Bb2 Nc6 4. f4 e6 5. Nc3 Nf6 6. Qf3 Nd4 7. Qd3 a6 8. Nf3
Nxf3+ 9. Qxf3 Qc7 10. O-O-O b5 11. g4 Bb7 12. g5 Nd7 13. h4 b4 14. Na4 d5 15.
d3 Bd6 16. Bxg7 Bxf4+ 17. Kb1 Rg8 18. Bb2 Be5 19. Bg2 Bxb2 20. Nxb2 Ne5 21. Qf4
O-O-O 22. exd5 Bxd5 23. Bxd5 Rxd5 24. Rhf1 Qe7 25. Rde1 Ng6 26. Qe4 Qd7 27. Nc4
Kc7 28. h5 Nf8 29. Ne5 Qd6 30. Rxf7+ Kb8 31. Nc4 Qd8 32. Ref1 Rd7 33. Qf4+ Ka7
34. Rxf8 Rxf8 35. Qxf8 Qxg5 36. h6 Kb7 37. Nd6+ Kc6 38. Ne4 Qe5 39. Qa8+ Kb6
40. Nd2 Qe2 41. Nc4+ Kb5 42. Qb8+ Kc6 43. Qc8+ Rc7 44. Qxa6+ Kd7 45. Qd6+ 1-0

[Event "Excelsior February Rapid"]
[Site "Toronto CAN"]
[Date "2023.02.11"]
[Round "1.5"]
[White "Sreekumar, Gauri"]
[Black "Plotkin, Victor"]
[Result "0-1"]
[WhiteElo "1215"]
[BlackElo "2328"]
[PlyCount "86"]
[EventDate "2023.02.11"]
[EventType "swiss (rapid)"]
[EventRounds "5"]
[EventCountry "CAN"]

1. d4 Nf6 2. c4 d6 3. Nf3 Nbd7 4. Nc3 e5 5. e3 c6 6. Be2 g6 7. O-O Bg7 8. Qc2
O-O 9. Rd1 Qc7 10. b3 Re8 11. Ba3 exd4 12. Nxd4 Nc5 13. Rac1 Bd7 14. Bf3 Rad8
15. Rd2 Ne6 16. Nxe6 Bxe6 17. Rcd1 Bf8 18. Ne2 Bf5 19. Qc1 Rd7 20. Qc3 Bg7 21.
Qc1 Red8 22. Ng3 Be6 23. Qc2 d5 24. cxd5 Nxd5 25. Bxd5 Rxd5 26. Rxd5 Rxd5 27.
Rxd5 Bxd5 28. Qc5 b6 29. Qc1 Qe5 30. Qd1 Qa1 31. Qxa1 Bxa1 32. Bd6 f5 33. f3 b5
34. Kf2 a5 35. Ne2 Kf7 36. Nf4 Be6 37. Nxe6 Kxe6 38. Bc7 a4 39. bxa4 bxa4 40.
Ke2 Kd5 41. Kd3 Kc5 42. h3 Bg7 43. a3 Bb2 0-1

[Event "Excelsior February Rapid"]
[Site "Toronto CAN"]
[Date "2023.02.11"]
[Round "1.7"]
[White "Allahverdi, Umid"]
[Black "Jaferian, Koosha"]
[Result "0-1"]
[WhiteElo "1627"]
[BlackElo "2320"]
[PlyCount "98"]
[EventDate "2023.02.11"]
[EventType "swiss (rapid)"]
[EventRounds "5"]
[EventCountry "CAN"]

1. e4 c6 2. d4 d5 3. Nc3 dxe4 4. Nxe4 Bf5 5. Ng3 Bg6 6. h4 h6 7. Nf3 Nd7 8. h5
Bh7 9. Bd3 Bxd3 10. Qxd3 e6 11. Bf4 Qa5+ 12. Bd2 Bb4 13. Ne4 Ngf6 14. Nxf6+
Nxf6 15. a3 Bxd2+ 16. Qxd2 Qd5 17. b3 Nxh5 18. O-O-O Nf6 19. Qb4 Qb5 20. Qxb5
cxb5 21. Rhe1 O-O 22. Ne5 Rac8 23. Kb2 Rfd8 24. Rd3 Nd5 25. g3 b4 26. a4 Rc7
27. Nc4 Nc3 28. Ne5 Rdc8 29. Rd2 b5 30. a5 Rd8 31. f3 Rd6 32. Ra1 f6 33. Ng4
Rcd7 34. a6 Rxd4 35. Rxd4 Rxd4 36. Ne3 Kf7 37. f4 Re4 38. Ng4 Re2 39. Rg1 h5
40. Nxf6 gxf6 41. Rh1 Rg2 42. Kc1 Ne2+ 43. Kd1 Nxg3 44. Rh3 Kg6 45. Rh4 Kf5 46.
c3 bxc3 47. Rxh5+ Nxh5 48. b4 Ke4 49. f5 exf5 0-1

[Event "Excelsior February Rapid"]
[Site "Toronto CAN"]
[Date "2023.02.11"]
[Round "1.8"]
[White "Derraugh, Geordie"]
[Black "Cottrell, Deparse"]
[Result "1-0"]
[WhiteElo "2223"]
[BlackElo "1520"]
[PlyCount "79"]
[EventDate "2023.02.11"]
[EventType "swiss (rapid)"]
[EventRounds "5"]
[EventCountry "CAN"]

1. e4 c5 2. Nf3 Nc6 3. d4 cxd4 4. Nxd4 e5 5. Nb5 d6 6. c4 Nf6 7. Bd3 a6 8. N5c3
Be7 9. O-O Be6 10. Nd5 Rc8 11. Be3 Nd4 12. Nbc3 Ng4 13. Bxd4 exd4 14. Ne2 Ne5
15. Rc1 Nc6 16. Bb1 Bf6 17. f4 Bg4 18. Qd3 Bxe2 19. Qxe2 O-O 20. b4 b5 21. cxb5
axb5 22. Qxb5 Nb8 23. Rxc8 Qxc8 24. Nxf6+ gxf6 25. Qh5 Qc3 26. e5 Qe3+ 27. Kh1
d3 28. Qf5 dxe5 29. Bxd3 Rd8 30. Qxh7+ Kf8 31. Bc4 Rd7 32. Qh8+ Ke7 33. Qxb8
Qe4 34. fxe5 Qxc4 35. exf6+ Ke6 36. Qe8+ Kd6 37. Rd1+ Kc7 38. Rxd7+ Kb6 39.
Qb8+ Ka6 40. Ra7# 1-0

[Event "Excelsior February Rapid"]
[Site "Toronto CAN"]
[Date "2023.02.11"]
[Round "2.2"]
[White "Ajith, Aayush"]
[Black "Sambuev, Bator"]
[Result "0-1"]
[WhiteElo "1982"]
[BlackElo "2644"]
[PlyCount "92"]
[EventDate "2023.02.11"]
[EventType "swiss (rapid)"]
[EventRounds "5"]
[EventCountry "CAN"]

1. d4 Nf6 2. c4 e6 3. Nc3 Bb4 4. Qc2 c5 5. e3 O-O 6. Bd2 cxd4 7. exd4 d5 8. Nf3
Nc6 9. a3 Be7 10. cxd5 exd5 11. Bd3 Bg4 12. Be3 Bxf3 13. gxf3 g6 14. O-O-O Rc8
15. Rhg1 Kh8 16. Kb1 Na5 17. Bh6 Re8 18. Bb5 Rg8 19. Bg5 a6 20. Ba4 b5 21. Bb3
Re8 22. Bxf6+ Bxf6 23. Bxd5 Qd7 24. Qd3 Nc4 25. Bxc4 Rxc4 26. Ne4 Bg7 27. d5
Rec8 28. Rc1 Be5 29. h4 Rd4 30. Rxc8+ Qxc8 31. Qb3 Qc4 32. Qxc4 bxc4 33. d6 Kg7
34. Kc2 f5 35. Nc5 Rxd6 36. Re1 Kf6 37. Rd1 Bd4 38. Nxa6 Ke5 39. Nb4 Bxf2 40.
Rh1 Bd4 41. h5 g5 42. a4 g4 43. fxg4 fxg4 44. Rh2 g3 45. Rg2 Kf4 46. a5 Kf3 0-1